<?xml version="1.0" encoding="UTF-8"?><?xml-stylesheet type="text/xsl" href="static/style.xsl"?><OAI-PMH xmlns="http://www.openarchives.org/OAI/2.0/" xmlns:xsi="http://www.w3.org/2001/XMLSchema-instance" xsi:schemaLocation="http://www.openarchives.org/OAI/2.0/ http://www.openarchives.org/OAI/2.0/OAI-PMH.xsd"><responseDate>2026-04-17T01:05:23Z</responseDate><request verb="GetRecord" identifier="oai:www.recercat.cat:2072/465073" metadataPrefix="marc">https://recercat.cat/oai/request</request><GetRecord><record><header><identifier>oai:recercat.cat:2072/465073</identifier><datestamp>2026-03-13T10:38:29Z</datestamp><setSpec>com_2072_98</setSpec><setSpec>col_2072_378192</setSpec></header><metadata><record xmlns="http://www.loc.gov/MARC21/slim" xmlns:dcterms="http://purl.org/dc/terms/" xmlns:xsi="http://www.w3.org/2001/XMLSchema-instance" xmlns:doc="http://www.lyncode.com/xoai" xsi:schemaLocation="http://www.loc.gov/MARC21/slim http://www.loc.gov/standards/marcxml/schema/MARC21slim.xsd">
   <leader>00925njm 22002777a 4500</leader>
   <datafield ind2=" " ind1=" " tag="042">
      <subfield code="a">dc</subfield>
   </datafield>
   <datafield ind2=" " ind1=" " tag="720">
      <subfield code="a">Mauricio, Didac</subfield>
      <subfield code="e">author</subfield>
   </datafield>
   <datafield ind2=" " ind1=" " tag="720">
      <subfield code="a">Gourdy, Pierre</subfield>
      <subfield code="e">author</subfield>
   </datafield>
   <datafield ind2=" " ind1=" " tag="720">
      <subfield code="a">Bonadonna, Riccardo C.</subfield>
      <subfield code="e">author</subfield>
   </datafield>
   <datafield ind2=" " ind1=" " tag="720">
      <subfield code="a">Freemantle, Nick</subfield>
      <subfield code="e">author</subfield>
   </datafield>
   <datafield ind2=" " ind1=" " tag="720">
      <subfield code="a">Bigot, Gregory</subfield>
      <subfield code="e">author</subfield>
   </datafield>
   <datafield ind2=" " ind1=" " tag="720">
      <subfield code="a">Mauquoi, Celine</subfield>
      <subfield code="e">author</subfield>
   </datafield>
   <datafield ind2=" " ind1=" " tag="720">
      <subfield code="a">Ciocca, Alice</subfield>
      <subfield code="e">author</subfield>
   </datafield>
   <datafield ind2=" " ind1=" " tag="720">
      <subfield code="a">Bonnemaire, Mireille</subfield>
      <subfield code="e">author</subfield>
   </datafield>
   <datafield ind2=" " ind1=" " tag="720">
      <subfield code="a">Müller-Wieland, Dirk</subfield>
      <subfield code="e">author</subfield>
   </datafield>
   <datafield ind2=" " ind1=" " tag="260">
      <subfield code="c">2021</subfield>
   </datafield>
   <datafield ind2=" " ind1=" " tag="520">
      <subfield code="a">Altres ajuts: Sanofi (Paris, France)</subfield>
   </datafield>
   <datafield ind2=" " ind1=" " tag="520">
      <subfield code="a">Introduction: Management of type 2 diabetes mellitus (T2DM) in patients with chronic kidney disease is complex. Using the REALI European pooled database, we determined the impact of baseline renal function on the effectiveness and safety of insulin glargine 300 U/mL (Gla-300) initiated in adults with inadequately controlled T2DM. Methods: Data from 1712 patients with available estimated glomerular filtration rate (eGFR) at baseline were pooled from six 24-week prospective studies. Patients who received once-daily subcutaneous injections of Gla-300 were classified into four renal function subgroups, according to baseline eGFR: ≥ 90 (N = 599), 60-89 (N = 786), 45-59 (N = 219), and 15-44 mL/min/1.73 m (N = 108). Results: Compared to those with baseline eGFR ≥ 60 mL/min/1.73 m, patients with lower eGFR values tended to be older, had a longer T2DM duration, and were more likely to present diabetic complications. After 24 weeks of Gla-300 therapy, the least-squares mean (95% confidence interval) decrease in haemoglobin A1c (HbA1c) from baseline (- 1.14% [- 1.28 to - 1.00], - 1.21% [- 1.34 to - 1.08], - 1.19% [- 1.36 to - 1.01], and - 0.99% [- 1.22 to - 0.76]) and the proportion of patients achieving HbA1c &lt; 7.5% (53.3%, 51.3%, 49.5%, and 51.5%) were comparable in the ≥ 90, 60-89, 45-59, and 15-44 mL/min/1.73 m subgroups, respectively. Although the incidence of hypoglycaemia was overall low, more patients in the eGFR 15-44 mL/min/1.73 m subgroup experienced hypoglycaemia at night or at any time of the day compared with higher eGFR subgroups. There were no notable differences between the renal function subgroups in the changes in Gla-300 daily dose and body weight from baseline to week 24. Conclusion: Although an eGFR of 15-44 mL/min/1.73 m was associated with a slightly increased risk of hypoglycaemia among patients with inadequately controlled T2DM, Gla-300 provided glycaemic improvement with an overall favourable safety profile regardless of baseline eGFR.</subfield>
   </datafield>
   <datafield tag="653" ind2=" " ind1=" ">
      <subfield code="a">Chronic kidney disease</subfield>
   </datafield>
   <datafield tag="653" ind2=" " ind1=" ">
      <subfield code="a">Estimated glomerular filtration rate</subfield>
   </datafield>
   <datafield tag="653" ind2=" " ind1=" ">
      <subfield code="a">Europe</subfield>
   </datafield>
   <datafield tag="653" ind2=" " ind1=" ">
      <subfield code="a">Insulin glargine 300 U/mL</subfield>
   </datafield>
   <datafield tag="653" ind2=" " ind1=" ">
      <subfield code="a">Pooled analysis</subfield>
   </datafield>
   <datafield tag="653" ind2=" " ind1=" ">
      <subfield code="a">Type 2 diabetes</subfield>
   </datafield>
   <datafield ind2="0" ind1="0" tag="245">
      <subfield code="a">Glycaemic Control with Insulin Glargine 300 U/mL in Individuals with Type 2 Diabetes and Chronic Kidney Disease : A REALI European Pooled Data Analysis</subfield>
   </datafield>
</record></metadata></record></GetRecord></OAI-PMH>